Jedyne państwo na świecie - Statystyki

Ogólne statystyki
  • Ten quiz został rozwiązany 109 razy
  • Średni wynik to 9 z 15
Statystyki odpowiedzi
Jedyny na świecie... Odpowiedź % Poprawnych
Kraj, gdzie krowa jest święta Indie
89%
Kraj, posiadający ponad 17mln kilometrów powierzchni (największy kraj na świecie) Rosja
89%
Kraj, którego nazwa nawiązuję do równika. Gwinea Równikowa
85%
Kraj Europejski, posiadający terytorium na kontynencie Afrykańskim Hiszpania
80%
Kraj, Inaczej nazywany Birmą. Mjanma
78%
Kraj, ze stolicą w Ułan-Batorze Mongolia
75%
Kraj azjatycki, który ma 170 mln ludzi, graniczący z Indiami Bangladesz
72%
Największy kraj posiadający ok. 17500 wysp (największy wyspiarski kraj świata) Indonezja
72%
Kraj azjatycki na bliskim wschodzie, gdzie toczy się wojna domowa Jemen
57%
Kraj z kolorem fioletowym na fladze (widocznym gołym okiem) Dominika
53%
Kraj, ze stolicą w Aszchabadzie Turkmenistan
51%
Kraj, na fladze, którego znajdują się 3 kolory : 2 pasy koloru niebieskiego, między nimi pas koloru żółtego, i czarny trójkąt od lewej strorny. Bahamy
37%
Kraj posiadający kajzerkę na swojej fladze. Kirgistan
37%
Kraj, ze stolicą w Bamako Mali
37%
Kraj, ze stolicą w Wagadugu Burkina Faso
35%
Nie znaleziono quizów pasujących do podanych kryteriów
Rozkład punktacji
Procent ludzi z każdym wynikiem
Percentyl według liczby udzielonych odpowiedzi
Twoja historia wyników
Nie rozwiązałeś tego quizu